Základné imanie obchodných spoločností
Vklady a základné imanie. Účtovanie základného imania. Vklady a zmeny základného imania z pohľadu daní z príjmov. Základné imanie v akciovej spoločnosti - príklady. Základné imanie v spoločnosti s ručením obmedzeným - príklady.
Gespeichert in:
| 1. Verfasser: | |
|---|---|
| Format: | Buchkapitel |
| Sprache: | Slowakisch |
| Schlagworte: | |
| Tags: |
Keine Tags, Fügen Sie das erste Tag hinzu!
|
MARC
| LEADER | 00000naa$a2200000$$$4500 | ||
|---|---|---|---|
| 001 | 0003835 | ||
| 005 | 20231003105404.6 | ||
| 041 | 0 | |a slo | |
| 044 | |a SK | ||
| 245 | 1 | 0 | |a Základné imanie obchodných spoločností |c aut. Viera Kaletová |
| 520 | |a Vklady a základné imanie. Účtovanie základného imania. Vklady a zmeny základného imania z pohľadu daní z príjmov. Základné imanie v akciovej spoločnosti - príklady. Základné imanie v spoločnosti s ručením obmedzeným - príklady. | ||
| 610 | 2 | 0 | |a spoločnosti akciové |
| 610 | 2 | 0 | |a spoločnosti s r.o. |
| 610 | 2 | 0 | |a imanie základné |
| 610 | 2 | 0 | |a účtovanie |
| 100 | 1 | |a Kaletová, Viera | |